[Event "FIDE WCh KO"]
[Site "Tripoli LBA"]
[Date "2004.06.29"]
[Round "5.2"]
[White "Radjabov, Teimour"]
[Black "Dominguez, Lenier"]
[Result "1-0"]
[WhiteElo "2670"]
[BlackElo "2612"]
[Annotator "Ubilava, E"]
[PlyCount "53"]
[EventDate "2004.06.19"]
[Source "EDAMI"]
[SourceDate "2006.12.20"]

{Mientras seleccionaba las partidas de Radjabov para nuestro artículo, quedé
un poco sorprendido porque realmente había muy pocas partidas suyas que
pudieran considerarse completas. De  repente, tropecé con esta partida contra
el gran maestro cubano Lenier Domínguez y me quedó claro el motivo: El error
fundamental de Radjabov es su estategia a la hora de elegir el repertorio con
blancas. Un jugador de su estilo, debe jugar por supuesto 1.e4 y no esconder
su poco conocimiento teórico detrás de las jugadas 1.d4 o 1. c4, donde sus
rivales, mucho más experimentados en el juego posicional, le supran. Aunque es
entonces, cuando  empieza la lucha por supervivencia, que consigue levantar
las partidas gracias a su gran habilidad táctica o a los errores de sus
rivales. !Oye Teimur! .. Juega más 1.e4 y aprende un poco mejor la teoría!} 1.
e4 c5 2. Nf3 d6 3. d4 cxd4 4. Nxd4 Nf6 5. Nc3 a6 6. Bg5 e6 7. f4 Be7 ({
Para ver que es lo que tenía en mente Radjabov contra} 7... Qb6 {ofrezco su
tida contra Rowson en la última Olimpiada de ajedrez. Además esa partida
refuerza mi tesis de que Teimour debe insistir con la jugada 1.e4.} 8. Qd3 Qxb2
9. Rb1 Qa3 10. f5 Be7 11. Be2 Qa5 12. Bd2 Qc7 13. fxe6 fxe6 14. g4 h6 15. e5
dxe5 16. Qg6+ Kf8 17. Nf3 Bd7 18. g5 Be8 19. Qd3 hxg5 20. Nxg5 Bf7 21. Nxf7
Kxf7 22. Rg1 Bd8 23. Ne4 Nxe4 24. Qxe4 Nc6 25. Qg6+ Kf8 26. Rf1+ Bf6 27. Rxf6+
gxf6 28. Qxf6+ Kg8 29. Rb3 Rh7 30. Bh6 Qa5+ 31. Kf1 {
1-0. Radjabov-Rowson. Olimpiada Calvià 2004.}) ({Sin embargo, en otro
encuentro de la misma eliminatoria de la presente partida, las blancas ya
evidencian su corta preparación teórica y pierden su peón central sin ninguna
compensación después de} 7... h6 8. Bh4 Nbd7 9. Qf3 e5 10. fxe5 Nxe5 11. Qd1 $6
(11. Qe2) 11... Be7 12. Be2 $2 Nxe4 $1 13. Bxe7 Nxc3 14. Bxd8 Nxd1 15. Bc7 Nxb2
16. Bxd6 Nbc4 17. Bb4 Bg4 {Radjabov-Dominguez FIDE KO Tripoli LBA 2004.}) 8.
Qf3 Qa5 9. O-O-O Bd7 10. Bxf6 $5 ({Por supuesto, es muy prematuro} 10. e5 $2 {
por la simple} dxe5 $1 11. Qxb7 exd4 12. Qxa8 O-O {
con consecuencias desastrosas para las blancas.}) 10... Bxf6 ({
Creo que después de} 10... gxf6 11. f5 {
los argumentos a favor de las blancas son mas elocuentes, por ejemplo:} Nc6 12.
Nb3 Qc7 (12... Qe5 13. Nd5 Bd8 14. Ne3) 13. Qh5 {con ventaja.}) 11. e5 $1 dxe5
12. fxe5 Bg5+ ({Pierde} 12... Bxe5 {por} 13. Qxb7 Bxd4 14. Rxd4 O-O 15. Qxa8
Nc6 16. Qxf8+ Kxf8 17. Rxd7) 13. Kb1 Nc6 {diagrama.} 14. Ne4 $1 Nxe5 ({
Veamos por qué rehusa el gran maestro cubano la jugada} 14... Qxe5 15. Nf5 $1 (
{no vale} 15. Nb5 {por} O-O 16. Rxd7 axb5 17. Rxb7 Nd4 {
y las blancas no podrán sobrevivir a la iniciativa de su rival}) 15... exf5 16.
Nxg5 Qe7 17. Bc4 $1 {ahora las negras tienen dos continuaciones:} Qxg5 (17...
Ne5 18. Bxf7+ Nxf7 ({en caso de} 18... Kf8 19. Qxb7 Bc6 20. Qxe7+ Kxe7 21. Bd5
{las blancas deben ganar}) 19. Rhe1 Nxg5 20. Qh5+ Nf7 21. Rxe7+ Kxe7 22. Rxd7+
Kxd7 23. Qxf7+ Kc6 24. Qxg7 Raf8 25. c4 {con clara ventaja.}) 18. Rhe1+ Be6 19.
Bxe6 fxe6 20. Rxe6+ Kf8 (20... Kf7 $4 {termina con mate} 21. Rd7+ Kxe6 22. Qd5+
Kf6 23. Qd6#) 21. Rd7 Re8 (21... Ne7 22. Rexe7 Qxe7 23. Rxe7 Kxe7 24. Qxb7+ Kf6
{las blancas deben realizar su ventaja.}) 22. h4 Rxe6 23. hxg5 Re1+ 24. Rd1 {
no creo que las negras puedan salvar esta posición.}) 15. Nd6+ Ke7 {diagrama.}
16. Qb3 $1 {Es otra jugada muy fuerte que muestra la profundidad de
penetración de Radjabov en la posición y su gran capacidad para conducir las
posiciones abiertas con gran energía.} Qa4 ({
permite a las blancas conseguir ventaja decisiva después de} 16... b5 17. Nf3
Nxf3 18. Qxf3 Bf6 19. Qh5 Rhf8 20. Qc5) ({
Tampoco era fácil decidirse a sacar el rey tomando el caballo en d6:} 16...
Kxd6 17. Qxb7 Ke7 18. Nc6+ Nxc6 19. Rxd7+ Kf6 20. Bd3 Rac8 21. Rxf7+ Ke5 22.
Rxg7 h6 23. c3 {?Quién querría jugar esta posición con las negras?}) 17. Qb6 $1
{Amenaza 18.Qc5} Rhc8 (17... f5 18. Qc5 Kf6 19. N6xf5 exf5 20. b3 {
también pierde.}) 18. Nxc8+ Rxc8 19. Qxb7 Qa5 20. Bxa6 $1 {La ventaja de las
blancas es más que suficiente y el gran maesto azerí no deja ninguna opción a
su rival.} Rc7 21. Qb8 Qc5 22. Rhe1 Bf6 23. c3 Qa7 {
Esto es lo mismo que rendirse, pero no hay nada que pueda cambiar la cosa.} 24.
Qxa7 Rxa7 25. Bb5 Bxb5 26. Nxb5 Rb7 27. a4 1-0

[Event "Monarch Assurance"]
[Site "Port Erin IOM"]
[Date "2004.09.30"]
[Round "6"]
[White "Speelman, J."]
[Black "Nakamura, Hikaru"]
[Result "0-1"]
[WhiteElo "2555"]
[BlackElo "2601"]
[Annotator "Ubilava, E"]
[PlyCount "94"]
[EventDate "2004.09.25"]
[Source "EDAMI"]
[SourceDate "2006.12.20"]

{Aqui tenemos otro plan estrategico que realiza Nakamura con una gran
insistencia, sobrejuega a su rival precisamente en el enfrentamiento y le
supera casi sin ninguna opcion.} 1. Nf3 d5 2. c4 d4 3. d3 {Este tipo de
aperturas son propias del estilo de Speelman, quien desde el comienzo intenta
crear posiciones estratégicamente complejas.} Nc6 4. g3 e5 5. Bg2 Bb4+ 6. Bd2
a5 {Es un plan bien conocido que promete una sólida posición para las negras.}
7. O-O Nf6 8. Na3 O-O 9. Nb5 {
El caballo no tiene mucho trabajo en b5, así que era mejor jugar enseguida} (9.
Nc2) 9... Re8 10. e3 Bf5 $1 11. e4 (11. Ne1 Qd7 {
otorga a las negras una cómoda ventaja.}) 11... Bg4 12. h3 Bh5 13. Bc1 Nd7 {
El destino preferido de este caballo es la casilla c5, por supuesto después de
la retirada del alfil de b4.} 14. Na3 Bd6 15. Nc2 Nc5 16. Qd2 Nb4 17. Nfe1 f6 {
Las negras realizan su plan estratégico con facilidad, porque tienen más
espacio y controlan mejores casillas. La siguiente acción que prepara Nakamura
es el golpe lateral ...b5, lo que abrirá nuevas vías para presionar las bases
de su adversario.} 18. f3 Qd7 19. b3 {diagrama.} b5 $1 20. cxb5 Nxc2 $1 ({
Es mejor que} 20... Qxb5 21. Na3 Qa6 22. Nc4) 21. Nxc2 Qxb5 22. Rd1 Bf7 23. Bf1
({Quizás fuera mejor la jugada} 23. Na3 {
contra la cual, una de las opciones que tienen las negras es} Qb4 24. Nc4 Qxd2
25. Rxd2 Bxc4 26. bxc4 Rab8 {con idea de jugar Na4 y Bb4-c3}) 23... a4 24. Na3
Qd7 25. b4 {La posición de las blancas es mala y Speelman intenta complicar
las cosas sacrificando el peón "b".} Na6 26. b5 Bb4 27. Qf2 Bxa3 28. Bxa3 Qxb5
29. Qd2 c5 30. Rab1 Qc6 31. Rdc1 Reb8 32. f4 {Las blancas, a cambio de un peón,
han conseguido reagrupar sus piezas y ahora la lucha entra en una nueva fase.}
Qd6 ({Me gusta más la continuación} 32... c4 33. Rxb8+ Rxb8 34. dxc4 Nc5 35.
Bxc5 Qxc5 36. Bd3 a3 {con clara ventaja.}) 33. Rxb8+ Rxb8 34. Qa5 exf4 35. gxf4
{diagrama} f5 $1 36. e5 {Esta jugada es obligada, porque pierden tanto} (36.
exf5 Qxf4 37. Qxa6 Qg3+ 38. Bg2 Bd5 39. Rc2 Rb1+ 40. Bc1 Rxc1+) ({como también
} 36. Bxc5 $4 Qxf4) 36... Qg6+ 37. Kh2 Bd5 38. Rc2 Qc6 39. Rb2 Rxb2+ 40. Bxb2
Nc7 {Nakamura tiene un control absoluto de la posición.} 41. a3 Ne6 42. Bc1 h6
43. h4 Qe8 {Amenaza Qh5-f3} 44. Qe1 Qb5 45. Qd2 Bb7 46. Qf2 Qc6 47. Bd2 c4 {
0-1   Después de 48.dxc4 Qh1+ 49.Kg3 Nc5 el caballo negro entra en e4 con
amenazas decisivas.} 0-1

[Event "WCh"]
[Site "Brissago SUI"]
[Date "2004.09.25"]
[Round "1"]
[White "Leko, Peter"]
[Black "Kramnik, Vladimir"]
[Result "0-1"]
[WhiteElo "2741"]
[BlackElo "2770"]
[Annotator "Ubilava, E"]
[PlyCount "130"]
[EventDate "2004.09.25"]
[EventRounds "14"]
[EventCountry "SUI"]
[Source "EDAMI"]
[SourceDate "2006.12.20"]

1. e4 {La primera partida tiene sus propias reglas. Simplemente las emociones
desbordan. Supongo que también para Leko era difícil  superar la parte
emocional del primer encuento de este match, lo que se notó a lo largo de toda
la partida y terminó con la derrota del gran maestro húngaro por las
imprecisiones cometidas, tal vez  consecuencia de su nerviosismo. Aunque hay
que decir que Kramnik acertó con la apertura y con la novedad 17.. .Na5, Leko
entró en una dinámica donde no podía crear ningún problema a las negras. Con
sus imprecisiones, las blancas quedaron en posición inferior, pero aún así
deberían lograr las tablas. El error decisivo se produjo en la jugada 44. Qf4
y despues de 44... g5 la victoria fue solo cuestión de tiempo.} e5 2. Nf3 Nf6
3. Nxe5 d6 4. Nf3 Nxe4 5. d4 d5 6. Bd3 Nc6 7. O-O Be7 8. c4 Nb4 9. Be2 O-O 10.
Nc3 Bf5 11. a3 Nxc3 12. bxc3 Nc6 13. Re1 Re8 14. cxd5 Qxd5 15. Bf4 Rac8 16. h3
Be4 ({Anand jugó contra Leko} 16... Bf6 {pero quedó inferior después de} 17.
Nh2 Qa5 18. Bd2 Rcd8 19. Bf3 h6 20. Ng4 Bxg4 21. hxg4 Bg5 22. Bxg5 hxg5 23. Qc1
Rxe1+ 24. Qxe1 Kf8 25. Rb1) 17. Be3 {Diagrama.} Na5 $5 {La novedad de Vladi.
Es una jugada típica en la Defensa Petrov, las negras quieren bloquear la
casilla c4 y además preparan el golpe c5.} 18. c4 $6 {Después de una larga
reflexión Peter reacciona inadecuadamente y entra en una variante forzada que
no proporciona ninguna ventaja. Había que jugar} (18. Nd2 $5 {
La continuacion correcta es} Bf5 ({
Las negras dificilmente pueden entrar en la variante} 18... Bxg2 19. c4 Qc6 20.
d5 Qg6 21. Bh5 Bf3+ 22. Bxg6 Bxd1 {por} 23. Bf5 $1 {
y el sacrificio de calidad no convence demasiado:} Bh5 (23... Ba4 24. Bxc8 Rxc8
25. Bxa7 (25. Bb6 axb6 26. Rxe7 Kf8 27. Rae1) 25... Bf6 26. Rab1) 24. Bxc8 Rxc8
25. Bb6 axb6 26. Rxe7 Bg6 27. Rae1 {
aunque las negras tienen compensación en ambas variantes, no es suficiente.})
19. c4 Qd7 {con una posición sólida.}) ({por cierto no es nada} 18. Ne5 {por}
c5 $1 19. c4 Qd6) 18... Nxc4 19. Bxc4 Qxc4 20. Nd2 Qd5 21. Nxe4 Qxe4 22. Bg5
Qxe1+ 23. Qxe1 Bxg5 24. Qa5 Bf6 ({
Las negras pueden construir una fortaleza después de} 24... Bf4 25. Qxa7 b6 {
Pero Kramnik elige otra continuación más agresiva.}) 25. Qxa7 c5 26. Qxb7 Bxd4
27. Ra2 $1 {La torre en a2 controla bien la segunda fila, defendiendo su peón
f2 y cortando el paso del peón "c".} c4 {diagrama.} 28. Re2 $1 {Esta jugada
crea una tensión en las filas negras, porque deja inmóvil momentanea mente al
peón "c" y obliga a la torre a dejar la columna "e".} Red8 ({no vale} 28... c3
29. Rxe8+ Rxe8 30. Qd7 Rb8 ({tampoco funciona} 30... Re1+ 31. Kh2 Bc5 32. Qc8+
Bf8 33. Qxc3) 31. Qxd4 c2 32. Qd2 {y las blancas ganan.}) 29. a4 $2 {Leko reali
zó esta jugada enseguida. Parece que aprovechó el tiempo mientras pensaba su
rival para responder rápido, pero se equivocó. La respuesta correcta es} (29.
Rd2 $1 {y ahora pierde} c3 {por} ({Mientras que después de} 29... Bf6 30. Rxd8+
Rxd8 31. Qc6 c3 {las blancas pueden responder tanto} 32. g4 ({como también} 32.
a4 h6 33. a5 Rd2 34. a6 Ra2 35. Kh2 c2 36. a7 Rxa7 37. Qc8+ Kh7 38. Qxc2+ g6 {
con igualdad}) 32... h6 33. Kg2 Rd2 34. Qc8+ Kh7 35. Qf5+ {
tablas con jaque continuo.}) 30. Rxd4 c2 31. Rxd8+ Rxd8 32. Qc7 Rd1+ 33. Kh2
c1=Q 34. Qb8+) 29... c3 30. Qe4 {diagrama.} Bb6 $3 {La necesidad de parar el
peón "a" y mantener el soporte para su peón pasado empuja a Kramnik a
encontrar una casilla "humilde" y brillante al mismo tiempo. A partir de esta
maniobra tan inesperada, las negras no solo demuestran que no están peor, sino
que ahora las blancas deben tener mucho cuidado para mantener el equilibrio.}
31. Qc2 $6 {Cuando veo este tipo de jugadas me viene a la memoria la voz de mi
entrenador diciendo: "La dama es un mal bloqueador, !hay que bloquear con las
piezas menores!"} (31. Rc2 Ba5 32. g4 Rd2 33. Kg2 Rxc2 (33... Rcd8 34. Rc1) 34.
Qxc2 g6 35. h4 {
con idea de h5, lo que debería ser suficiente para mantener el equilibrio.})
31... g6 32. Qb3 Rd6 33. Rc2 Ba5 34. g4 Rd2 35. Kg2 Rcd8 36. Rxc3 ({
Las blancas podían jugar} 36. Rc1 {
aunque no era fácil decidirse por ese camino debido a} Rb2 37. Qc4 Rdd2 38. Qc5
Bb6 39. Qxc3 Rxf2+ 40. Kg3 {pero parece que es difícil atrapar al rey blanco.})
36... Bxc3 37. Qxc3 R2d5 $1 {
Esta jugada es importante para prevenir el avance del peón "h" hasta h5.} 38.
Qc6 ({Las blancas pueden crear contrajuego después de} 38. a5 Ra8 39. a6 Rd6
40. h4 Rdxa6 41. h5) 38... Ra5 39. Kg3 Rda8 40. h4 R5a6 (40... Rxa4 41. h5 {
crea los mismos problemas a las negras.}) 41. Qc1 $5 Ra5 ({
Más de lo mismo después de} 41... Rxa4 42. h5 {con la idea de h6.}) 42. Qh6 $6
{La dama en h6 estorba mucho, había que volver a c6.} Rxa4 43. h5 R4a5 44. Qf4
$2 {Es el error decisivo. Leko debía cambiar los peones} (44. hxg6 hxg6 {
y después especular con un posible final de peones, porque en caso de un
ataque de las dos torres sobre el peón "f" algunos finales de peones dos
contra uno son tablas. diagrama.}) 44... g5 $1 45. Qf6 h6 $1 {Este final se
gana automáticamente, porque es inevitable el ataque de las torres contra el
peón "f" y su posterior pérdida. Lo que ocurre es que Kramnik tarda un poco en
colocar las torres en las posiciones adecuadas, lo que podía conseguir mucho
antes ubicando primero sus torres en la sexta fila.} 46. f3 R5a6 47. Qc3 Ra4 ({
Es mucho mas eficaz} 47... Re6 $1 {y si} 48. f4 Rea6 49. Qe5 Ra5 50. Qf6 Ra3+
51. Kf2 Rb3 {y las negras ganan.}) 48. Qc6 R8a6 49. Qe8+ Kg7 50. Qb5 R4a5 51.
Qb4 Rd5 52. Qb3 Rad6 53. Qc4 Rd3 54. Kf2 Ra3 55. Qc5 Ra2+ 56. Kg3 Rf6 57. Qb4
Raa6 {Empieza la última fase del plan ganador.} 58. Kg2 Rf4 59. Qb2+ Raf6 60.
Qe5 Rxf3 61. Qa1 Rf1 $1 62. Qc3 $2 (62. Qe5 {
era la única jugada, pero las negras realizan su ventaja poco a poco después de
} R1f4 63. Kh3 Kh7 {y después ...Re6.}) 62... R1f2+ 63. Kg3 R2f3+ 64. Qxf3
Rxf3+ 65. Kxf3 Kf6 0-1

[Event "WCh"]
[Site "Brissago SUI"]
[Date "2004.09.26"]
[Round "2"]
[White "Kramnik, Vladimir"]
[Black "Leko, Peter"]
[Result "1/2-1/2"]
[WhiteElo "2770"]
[BlackElo "2741"]
[Annotator "Ubilava, E"]
[PlyCount "35"]
[EventDate "2004.09.25"]
[EventRounds "14"]
[EventCountry "SUI"]
[Source "EDAMI"]
[SourceDate "2006.12.20"]

{Parece que las negras van a triunfar en este match. La base para esa
conclusión es muy amplia, porque en los últimos años han surgido algunas
aperturas "impermeables" como la Pelikan, Berlinesa, anti-Marshall, y ahora
otra vez vuelve la Defensa Petrov. Da la impresión de que la amenaza de jugar
el Ataque Marshall quita las ganas a los jugadores de blancas, de entrar en
las lineas principales y casi todos prefieren desviarse con el Anti-Marshall.
Creo que parcialmente esa tendencia surgió por la negativa de G.Kasparov a
entrar en el Ataque Marshal cuando la variante aún estaba considerada
"funcional". Su aportacion a las líneas del Anti-Marshall fue tan "abultada"
que muchos de los jugadores hoy día ni siquiera intentan analizar en
profundidad las lineas principales, simplemente se desvían directamente con el
Anti-Marshall, aunque debo admitir que también en el propio Ataque Marshal
existen problemas muy concretos. En la presente partida V.Kramnik intenta
cambiar las cosas con su 11.Ng5 y 15.f4 pero el gran maestro húngaro iguala la
posicion muy rapidamente. El resultado: tablas en 18 jugadas.} 1. e4 e5 2. Nf3
Nc6 3. Bb5 a6 4. Ba4 Nf6 5. O-O Be7 6. Re1 b5 7. Bb3 O-O 8. h3 Bb7 9. d3 Re8 {
La jugada mas frecuente es} (9... d6 {
Pero 9... Re8 también tiene sus seguidores.}) 10. Nc3 Bb4 11. Ng5 {Es una nueva
idea de Kramnik. Anteriormente sólo tenemos un ejemplo práctico, donde el
propio Leko eligió} (11. Bd2 Na5 12. Nd5 Nxb3 13. Nxf6+ Qxf6 14. axb3 Bf8 15.
c4 b4 16. Nh2 {
con ligera ventaja para las blancas, P.Leko-V.Ivanchuk Monaco 2003.}) 11... Rf8
12. a3 Bxc3 13. bxc3 Na5 14. Ba2 c5 {
Las negras amenazan encerrar el alfil blanco con c4.} 15. f4 exf4 $5 16. e5 {
En la conferencia de prensa, después de la partida, Vladi dijo que la jugada
lógica era} (16. Bxf4 {según Leko, él dudaba entre dos posibilidades:  Quizás
la jugada más apropiada sea} c4 ({En caso de} 16... h6 17. Nf3 {
tenía un poco de miedo a} (17. Nxf7 Rxf7 18. Bxf7+ Kxf7 19. e5 Nd5 20. Qh5+ Kg8
21. Bxh6 {y las blancas tienen torre y dos peones por dos piezas. Entonces
parece que pierde} gxh6 22. Qg6+ Kh8 23. Qxh6+ Kg8 24. Re4) 17... d5)) 16...
Nd5 17. Bxd5 {diagrama.} Qxg5 $1 ({Según Kramnik, en caso de} 17... Bxd5 18.
Qh5 h6 {las blancas pueden responder} 19. Bxf4 {y si} hxg5 20. Bxg5 {
con la idea 21.Bf6.}) 18. Bxb7 {
Aqui el gran maestro ruso ofreció tablas, en vista de la variante} (18. Bxb7
Nxb7 19. Qf3 Qg3 $1 {
y las blancas deben cambiar las damas,  quedando una posición igualada.})
1/2-1/2